00239nam a2200097Ia 4500008004100000041000800041100001600049245003600065260002100101999001900122241105s9999 xx 000 0 und d aeng aWagh Ankita aPublic Realm On Riverfront Pune bBNCA, Punec2017 c361346d361346